Top 5 et maillots distinctifs du Tour de France depuis 2015 - Statistiques

Statistiques générales
  • Ce quiz a été pris 553 fois
    269 depuis la dernière actualisation
  • Le résultat moyen est 68 sur 80
Statistiques - réponses
Année Position Pays Nom % Correct
2024 1 Slovénie Pogacar
100%
2023 2 Slovénie Pogacar
100%
2023 Meilleur jeune Slovénie Pogacar
100%
2022 2 Slovénie Pogacar
100%
2022 Meilleur jeune Slovénie Pogacar
100%
2021 1 Slovénie Pogacar
100%
2021 Meilleur grimpeur Slovénie Pogacar
100%
2021 Meilleur jeune Slovénie Pogacar
100%
2020 1 Slovénie Pogacar
100%
2020 Meilleur grimpeur Slovénie Pogacar
100%
2020 Meilleur jeune Slovénie Pogacar
100%
2024 2 Danemark Vingegaard
99%
2023 1 Danemark Vingegaard
99%
2022 1 Danemark Vingegaard
99%
2022 Meilleur grimpeur Danemark Vingegaard
99%
2021 2 Danemark Vingegaard
99%
2024 3 Belgique Evenepoel
97%
2024 Meilleur jeune Belgique Evenepoel
97%
2018 3 Royaume-Uni Froome
96%
2017 1 Royaume-Uni Froome
96%
2016 1 Royaume-Uni Froome
96%
2015 1 Royaume-Uni Froome
96%
2015 Meilleur grimpeur Royaume-Uni Froome
96%
2024 Meilleur grimpeur Equateur Carapaz
95%
2021 3 Equateur Carapaz
95%
2019 Meilleur grimpeur France Bardet
94%
2017 3 France Bardet
94%
2016 2 France Bardet
94%
2020 2 Slovénie Roglic
94%
2018 4 Slovénie Roglic
94%
2019 1 Colombie Bernal
93%
2019 Meilleur jeune Colombie Bernal
93%
2022 3 Royaume-Uni Thomas
93%
2019 2 Royaume-Uni Thomas
93%
2018 1 Royaume-Uni Thomas
93%
2019 5 France Alaphilippe
91%
2018 Meilleur grimpeur France Alaphilippe
91%
2024 Meilleur sprinter Erythrée Girmay
90%
2016 3 Colombie Quintana
90%
2015 2 Colombie Quintana
90%
2015 Meilleur jeune Colombie Quintana
90%
2019 Meilleur sprinter Slovaquie Sagan
90%
2018 Meilleur sprinter Slovaquie Sagan
90%
2016 Meilleur sprinter Slovaquie Sagan
90%
2015 Meilleur sprinter Slovaquie Sagan
90%
2023 Meilleur sprinter Belgique Philipsen
89%
2022 Meilleur sprinter Belgique Van Aert
89%
2023 3 Royaume-Uni A, Yates
88%
2016 4 Royaume-Uni A, Yates
88%
2016 Meilleur jeune Royaume-Uni A; Yates
88%
2021 Meilleur sprinter Royaume-Uni Cavendish
88%
2023 4 Royaume-Uni S, Yates
88%
2017 Meilleur jeune Royaume-Uni S. Yates
88%
2022 4 France Gaudu
86%
2024 4 Portugal Almeida
85%
2015 4 Italie Nibali
85%
2024 5 Espagne Landa
77%
2020 4 Espagne Landa
77%
2017 4 Espagne Landa
77%
2017 Meilleur grimpeur France Barguil
76%
2023 Meilleur grimpeur Italie Ciccone
76%
2020 5 Espagne Mas
73%
2018 2 Pays-Bas Dumoulin
72%
2023 5 Espagne Rodriguez
71%
2017 2 Colombie Uran
70%
2015 3 Espagne Valverde
68%
2016 Meilleur grimpeur Pologne Majka
67%
2020 3 Australie Porte
67%
2016 5 Australie Porte
67%
2015 5 Espagne Contador
66%
2020 Meilleur sprinter Irlande Bennett
65%
2017 5 Italie Aru
64%
2022 5 Russie Vlasov
63%
2019 4 Allemagne Buchmann
57%
2021 4 Australie O'connor
57%
2019 3 Pays-Bas Kruijswijk
56%
2018 5 Pays-Bas Kruijswijk
56%
2018 Meilleur jeune France Latour
56%
2017 Meilleur sprinter Australie Matthews
53%
2021 5 Pays-Bas Kelderman
39%
Aucun quiz correspondant
Distribution des résultats
% des personnes avec chaque résultat
Percentile par nombre de réponses
Votre historique - résultats
Vous n’avez pas pris ce quiz depuis la dernière actualisation